01469naa a2200217 i 45000010005000000030009000050050017000140080041000310400021000720800017000931000139001102450116002495000021003655200412003866500021007986500016008196550030008357000141008657110082010067730163010883690KOSZ 00520180425093602.0151114s2004 pl f |100 0 pol d cBPKdKOSZ 005/ac a621.3.037.371 aMADEJ, Wiesław.d1997 - .bPolitechnika Koszalińska - Instytut Elektroniki,cKatedra Systemów Cyfrowego Przetwarzania Sygnałów10aZastosowanie reprogramowalnych układów cyfrowych do sterowania ploterem /cWiesław Madej, Marek Rubanowicz. aDane z autopsji. aW pracy przedstawiono przykład wykorzystania reprogramowalnych układów cyfrowych firmy Altera do sterowania 3-osiowym ploterem grawerującym. Praca stanowi część układu sterującego, który jest zbudowany z komputera z oryginalnym oprogramowaniem, interfejsu w postaci opisywanego układu oraz samego 3-osiowego plotera grawerującego, w którym elementami wykonawczymi są silniki krokowe. 0aUkłady cyfrowe. 0aSterowanie. 0aMateriały konferencyjne.1 aRUBANOWICZ, Marek.d1996 - .bPolitechnika Koszalińska - Wydział Elektroniki,cKatedra Systemów Cyfrowego Przetwarzania Sygnałów22aKrajowa Konferencja Elektronikin(3 ;d2004 ;cKołobrzeg, Polska).pKKE'20040 iW :tTrzecia Krajowa Konferencja Elektroniki : materiały konferencji. T. 1/2. -dKoszalin : Wyd. Uczelniane Politechniki Koszalińskiej, 2004. -gs. 381-386